00492 2200181 4500001002100000005001500021035002000036007000300056008004100059020001800100082001100118084001700129100002300146245007600169260002800245300002700273990001000300INLIS00000000000929720210727010250 a0010-0721000123ta210727 g 0 ind  a9786029855395 a746.44 a746.44 IND k0 aINDIRA, Ira Dhyani1 aKreasi sulam peniti dan aplikasi /cIra Dhyani Indira dan Nunuk Trihadi aSolo :bMetagraf,c2011 avi, 70 hlm. ;c27 hlm. a13388